Pays par leur pourcentage d'électricité venant du nucléaire - Statistiques

Statistiques générales
  • Ce quiz a été pris 139 fois
  • Le résultat moyen est 9 sur 16
Statistiques - réponses
Pourcentage Pays % Correct
70,9% France
99%
19,7% Etats-Unis
94%
19,7% Russie
94%
21,4% Espagne
86%
47,6% Belgique
70%
23,9% Suisse
64%
53,9% Ukraine
62%
26,2% Corée du Sud
59%
34,7% Finlande
57%
34% Suède
57%
35,2% République Tchèque
41%
53,9% Slovaquie
40%
49,2% Hongrie
39%
37% Slovénie
33%
37,5% Bulgarie
29%
27,8% Arménie
9%
Aucun quiz correspondant
Distribution des résultats
% des personnes avec chaque résultat
Percentile par nombre de réponses
Votre historique - résultats
Vous n’avez pas pris ce quiz